=LDR 00000nam 2200000 4500 =001 INLIS000000000040058 =005 20130612145639 =008 ***********************************Ind** =035 ##$$0010-061300000040058 =041 ##$$a Ind =082 ##$$a 613.8 =090 ##$$a 613.8, Nai a.3 =100 ##$$a Nainggolan,Dr.R.A =245 ##$$a Anda Mau Berhenti Merokok, Dr.R.A. Nainggolan =260 ##$$a 2008 $b Bandung; Indonesia Publishing =300 ##$$a 100 hlm, ilus, 18 cm =850 ##$$a NBPNMAT =990 ##$$a 0001/BPAP-NTB/2016